[Event "Charleroi TIPC op 12th"]
[Site "Charleroi"]
[Date "2013.08.01"]
[Round "7"]
[White "Mueller, Martin"]
[Black "Lheureux, Benoit"]
[Result "1-0"]
[WhiteElo "2100"]
[BlackElo "1828"]
[PlyCount "53"]
[EventDate "2013.07.27"]
[EventType "swiss"]
[EventRounds "9"]
[EventCountry "BEL"]
[SourceTitle "EXT 2018"]
[Source "ChessBase"]
[SourceDate "2017.10.13"]
[SourceVersion "1"]
[SourceVersionDate "2017.10.13"]
[SourceQuality "1"]

1. d4 Nf6 2. Bg5 Ne4 3. h4 d5 4. Nd2 h6 5. Nxe4 dxe4 6. Bf4 b6 7. e3 Bb7 8. Bb5+ Nd7 9. Ne2 a6 10. Ba4 e6 11. c4 Be7 12. Nc3 0-0 13. g4 Bxh4 14. Bxd7 g5 15. Bg3 Bxg3 16. fxg3 Qxd7 17. Rxh6 Qd6 18. Kd2 Kg7 19. Rh5 Rh8 20. Rxg5+ Kf6 21. Rh5 Qxg3 22. Qh1 Rhf8 23. Rg1 Qf2+ 24. Ne2 Rad8 25. Rf1 Rxd4+ 26. Kc2 Rxc4+ 27. Kb1 1-0